Front office management and operations (Record no. 277212)
[ view plain ]
| 000 -LEADER | |
|---|---|
| fixed length control field | 00392nam a2200157Ia 4500 |
| 005 - DATE AND TIME OF LATEST TRANSACTION | |
| control field | 20241107144654.0 |
| 008 - FIXED-LENGTH DATA ELEMENTS--GENERAL INFORMATION | |
| fixed length control field | 240126s9999 xx 000 0 und d |
| 020 ## - INTERNATIONAL STANDARD BOOK NUMBER | |
| International Standard Book Number | 9780070655768 |
| 082 ## - DEWEY DECIMAL CLASSIFICATION NUMBER | |
| Classification number | 647.94 AND;1 R |
| 100 ## - MAIN ENTRY--PERSONAL NAME | |
| Personal name | Andrews, Sudhir. |
| 245 #0 - TITLE STATEMENT | |
| Title | Front office management and operations |
| 260 ## - PUBLICATION, DISTRIBUTION, ETC. (IMPRINT) | |
| Name of publisher, distributor, etc. | TMH |
| Place of publication, distribution, etc. | New Delhi |
| Date of publication, distribution, etc. | 2008 |
| 300 ## - PHYSICAL DESCRIPTION | |
| Extent | xxv, 463 |
| 440 ## - SERIES STATEMENT/ADDED ENTRY--TITLE | |
| Title | NULL |
| 942 ## - ADDED ENTRY ELEMENTS (KOHA) | |
| Koha item type | PESU Books |
| Date last seen | Total Checkouts | Full call number | Accession number | Old discount | Volume/Issue Number | Cost, replacement price | Price effective from | Category | Lost status | Damaged status | Department | Withdrawn status | bill no. | Permanent Location | Current Location | Shelving location | Entry date | Vendor | Cost, normal purchase price | Grants | Currency symbol | Conversion rate | Discount | Discount type |
|---|---|---|---|---|---|---|---|---|---|---|---|---|---|---|---|---|---|---|---|---|---|---|---|---|
| 26/01/2024 | 647.94 AND;1 R | PU4285 | 25 | (30/06/1905) | 487.50 | 26/01/2024 | PESU Books | HEM | 81992 | Central Library | Central Library | HM | 26/12/2015 | Book Paradise | 650.00 | HM | RS | 1 | 162.5 | Rupees |
